000 00822nam a2200229Ii 4500
003 JO-AjNU
008 230605s9999||||xx |||||||||||||| ||und||
020 _a978-9948-455-06-6
040 _aJO-AjNU
_bara
_erda
_cJO-AjNU
041 _aara
050 1 4 _aBP550 2014
100 3 _aالعبيدي، ابراهيم عبد اللطيف,
_eauthor
_948476
245 0 0 _aكيفية التعامل مع المتطلبات المالية للزوجة
250 _aط1
264 3 1 _aدبي: دائرة الشؤون الإسلامية والعمل الخيري، 2014
300 _a48ص
336 _atext
_btxt
_2rdacontent
337 _aunmediated
_bn
_2rdamedia
338 _avolume
_bnc
_2rdacarrier
490 0 _aسلسلة اهمية التخطيط المالي2
650 4 _aالزواج- حقوق الزوجة
_948477
999 _aA21232
_c24800
_d24800